| 000 | 00894cab a22002295a 4500 | ||
|---|---|---|---|
| 001 | L160008 | ||
| 008 | 150113e2016 xxk 000 0 eng d | ||
| 035 | _a(Sirsi) u160008 | ||
| 041 | 0 | _aeng | |
| 050 | _a333.00711 | ||
| 100 | 1 | _aCharlesworth, Alex | |
| 245 | 0 | 0 |
_aDrawing new blood _h[electronic resource] |
| 260 |
_aLondon _bRICS _c2016 |
||
| 490 |
_aRICS Building Surveying Journal _vJuly 2016 - August 2016, 24-25(2) |
||
| 520 | _aExplains why it is vital to recruit a new generation of building surveyors. | ||
| 650 | 2 | 4 | _aABOUT RICS |
| 650 | 2 | 4 | _aCAREERS, EDUCATION AND TRAINING |
| 690 | _aFUTURE OF THE PROFESSION | ||
| 856 | 4 | 0 |
_uhttps://www.rics.org/Global/BSJ%20BCJ%20July%20August%202016.pdf _zView the article free of charge at www.rics.org... |
| 856 | 4 | 0 |
_uhttps://www.rics.org/Global/BSJ%20BCJ%20July%20August%202016.pdf _yAvailable free online via Issuu |
| 942 |
_n0 _2ddc |
||
| 999 |
_c85124 _d85124 |
||